00378 a2200121 4500003000400000005001700004008004100021040000900062082002000071245008900091260006200180300001400242OSt20220926133217.0220926b ||||| |||| 00| 0 eng d coclc a637.0954bRAN/C aThe chemistry & manufacture of Indian dairy products c/K S Rangappa and K T Acharya aBangalore:bThe Bangalore printing and publishing,c1948. a189 pages